Tourism and economic growth and development / (Record no. 66883)

MARC details
000 -LEADER
fixed length control field 00458nam a22001457a 4500
005 - DATE AND TIME OF LATEST TRANSACTION
control field 20180802153834.0
020 ## - INTERNATIONAL STANDARD BOOK NUMBER
International Standard Book Number 8174453326
Terms of availability 550.00
035 ## - SYSTEM CONTROL NUMBER
System control number B-219646, B-219645, B-219651
037 ## - SOURCE OF ACQUISITION
Stock number DPL
Source of stock number/acquisition ENG
100 ## - MAIN ENTRY--PERSONAL NAME
Personal name Aggarwal, Prateek A.
245 ## - TITLE STATEMENT
Title Tourism and economic growth and development /
Statement of responsibility, etc by Prateek A. Aggarwal
260 ## - PUBLICATION, DISTRIBUTION, ETC. (IMPRINT)
Place of publication, distribution, etc New Delhi
Name of publisher, distributor, etc Mohit Publications
Date of publication, distribution, etc 2005
300 ## - PHYSICAL DESCRIPTION
Extent v, 251p.
Dimensions 20 cms.
942 ## - ADDED ENTRY ELEMENTS (KOHA)
Source of classification or shelving scheme Dewey Decimal Classification
Item type English Books
Classification part 338.4791
Call number suffix AGG
Holdings
Withdrawn status Lost status Not for loan Collection code Home library Current library Date acquired Cost, normal purchase price Full call number Barcode Cost, replacement price Koha item type Source of acquisition
      Non-fiction Patel Nagar Patel Nagar 22/07/2018 550.00 338.4791 AGG B-219645 550.00 English Books BPPD/Pub
      Non-fiction Sarojini Nagar Sarojini Nagar 19/05/2012 550.00 338.4791 AGG B-219646 550.00 English Books  
      Non-fiction Shahdara Branch Shahdara Branch 02/08/2018 0.00 338.4791 AGG B-219651 0.00 English Books BPPD/PUB

© Delhi Public Library
Hit Counter
free hit counter